Giorni Della Settimana - Statistics

Statistiche generali
  • Questo quiz è stato fatto 82 volte
  • Il punteggio medio è 7 su 7
Statistiche sulle risposte
Hint Risposta % Corretto
Giorno 1 Lunedi
100%
Giorno 2 Martedi
100%
Giorno 3 Mercoledi
100%
Giorno 7 Domenica
98%
Giorno 6 Sabato
98%
Giorno 5 Venerdi
98%
Giorno 4 Giovedi
97%
Nessun quiz corrispondente trovato
Distribuzione punteggi
Percentuale di utenti per punteggio
Percentile per numero di risposta
I tuoi punteggi nel tempo
Non hai fatto questo quiz